000 01590nam a22004577a 4500
001 0014079
003 KOHA_MİRAKIL
005 20260207001942.0
007 ta
008 100812b1999 tu |||gr||||#||||0|tur |
020 _a9754929106
040 _aTR-BiSEU
_btur
_cTR-BiSEU
_erda
041 0 _atur
044 _ctu
050 _aT57.74
_b.A84 1999
100 1 _aAtlas, Mahmut.
245 1 _aOut-of-kilter algoritması ve sıvılandırılmış petrol gazı dağıtım işletmesinde bir uygulama denemesi/
_cMahmut Atlas ; Mahmut Atlas.
264 1 _aEskişehir :
_bAnadolu Üniversitesi İktisadi ve İdari Bilimler Fakültesi
_c1999
300 _aXII, 108 sayfa; 24 cm.
336 _ametin
_btxt
_2rdacontent
337 _aaracısız
_bn
_2rdamedia
338 _acilt
_bnc
_2rdacarrier
490 1 _aT.C.
490 1 _aAnadolu Üniversitesi yayınları ;
_vno.
490 1 _a1155.
490 1 _aİktisadi ve İdari Bilimler Fakültesi yayınları ;
_vno.
490 1 _a158.
500 _aKaynakça var.
650 0 _aÜretim planlaması.
_932983
650 0 _aŞebeke analizi (Planlama).
_932984
650 0 _aSıvılaştırılmış petrol gazı sanayii.
_932985
650 0 _aProduction planning.
_910800
650 0 _aNetwork analysis (Planning).
_932986
650 0 _aLiquefied petroleum gas industry.
_932987
830 1 _aT.C.
_96297
830 1 _aAnadolu Üniversitesi yayınları ;
_vno.
_97107
830 1 _a1155.
_932988
830 1 _aİktisadi ve İdari Bilimler Fakültesi yayınları ;
_vno.
_910641
830 1 _a158.
_921617
942 _2lcc
_cBK
999 _c14042
_d14042